Biology of amphibians /

Bibliographic Details
Main Author: Duellman, William Edward, 1930-
Other Authors: Trueb, Linda
Format: Book
Language:English
Published: New York : McGraw-Hill, [1986]
Subjects:

MARC

Tag First Indicator Second Indicator Subfields
LEADER 00000cam a2200000 a 4500
001 in00004457512
005 20191202121241.0
008 850611s1986 nyua b 00110 eng
010 |a  85014916  
020 |a 0070179778 :  |c $40.00 (est.) 
035 |a (OCoLC)12214270 
035 |9 AAB1188MS 
035 |z (UtOrBLW)4326 
035 |a 6540 
039 0 |a 2  |b 3  |c 3  |d 3  |e 3 
040 |a DLC  |c DLC  |d OCL  |d TMV  |d UtOrBLW 
049 |a TMVM  |c 1 
050 0 0 |a QL667  |b .D84 1986 
059 |l MS/BOOK STKS  |v 2  |z 3  |t BOOK  |k CIRCULATING  |i 3238900247522  |n NL  |a QL 667  |b D852b 1986 
060 4 |a QL 667  |b D852b 1986 
100 1 |a Duellman, William Edward,  |d 1930- 
245 1 0 |a Biology of amphibians /  |c William E. Duellman, Linda Trueb ; illustrated by Linda Trueb. 
264 1 |a New York :  |b McGraw-Hill,  |c [1986] 
264 4 |c ©1986 
300 |a xvii, 670 pages :  |b illustrations ;  |c 27 cm. 
336 |a text  |2 rdacontent  |b txt 
337 |a unmediated  |2 rdamedia 
338 |a volume  |2 rdacarrier  |b nc 
500 |a Includes index. 
504 |a Bibliography: pages 557-610. 
650 2 |a Amphibians. 
700 1 |a Trueb, Linda. 
940 |a copy plain 
999 |a MARS 
999 f f |s 7dcbe981-79a1-3dc2-914a-00f01ff9b13a  |i bbe44f35-9328-305f-ae5c-cfbfda38662f  |t 0 
952 f f |p preservation  |a Texas A&M University  |b J.J. Pickle Campus  |c High Density Repository  |d Remote Storage  |t 0  |e QL 667 D852b 1986  |h National Library of Medicine classification  |i unmediated -- volume  |m 3238900247522 
998 f f |a QL 667 D852b 1986  |t 0  |l Remote Storage